The Oxford Dictionary of the Christian Church (Record no. 11127)

MARC details
000 -LEADER
fixed length control field 00629nam a2200241 a 4500
001 - CONTROL NUMBER
control field 0001-1127
003 - CONTROL NUMBER IDENTIFIER
control field ELIB.Books
008 - FIXED-LENGTH DATA ELEMENTS--GENERAL INFORMATION
fixed length control field 150504 2010 eng
020 ## - INTERNATIONAL STANDARD BOOK NUMBER
International Standard Book Number 9780192802903
035 ## - SYSTEM CONTROL NUMBER
System control number (ELIB.Books)0001-1282
092 ## - LOCALLY ASSIGNED DEWEY CALL NUMBER (OCLC)
Classification number D
Item number Cro
100 ## - MAIN ENTRY--PERSONAL NAME
Personal name Cross, F. L
245 ## - TITLE STATEMENT
Title The Oxford Dictionary of the Christian Church
260 ## - PUBLICATION, DISTRIBUTION, ETC. (IMPRINT)
Place of publication, distribution, etc. Oxford
Name of publisher, distributor, etc. University Press
Date of publication, distribution, etc. 2005
300 ## - PHYSICAL DESCRIPTION
Extent 1800
Dimensions 23.5 Cm
500 ## - GENERAL NOTE
General note C/o Moe Lwei
650 ## - SUBJECT ADDED ENTRY--TOPICAL TERM
Topical term or geographic name as entry element Dictionary
856 ## - ELECTRONIC LOCATION AND ACCESS
Name of location of host KBTS: Library
Uniform Resource Identifier <a href="KBTS: Elib">KBTS: Elib</a>
942 ## - ADDED ENTRY ELEMENTS (KOHA)
Source of classification or shelving scheme Dewey Decimal Classification
Koha item type Books
990 ## - EQUIVALENCES OR CROSS-REFERENCES [LOCAL, CANADA]
Link information for 9XX fields 2
998 ## - LOCAL CONTROL INFORMATION (RLIN)
Cataloger's initials, CIN (RLIN) bat
-- 2015-05-04
-- cat
-- 2020-05-23
Holdings
Withdrawn status Lost status Source of classification or shelving scheme Damaged status Not for loan Home library Current library Date acquired Total Checkouts Barcode Date last seen Bill Date Koha item type
    Dewey Decimal Classification     Karen Baptist Theological Seminary Library Karen Baptist Theological Seminary Library 04/05/2015   15371, 17887 22/01/2022 22/01/2022 Books
Implemented & Customized by: BestBookBuddies

Powered by Koha